Convivir, aprender y enseñar en el aula
Đã lưu trong:
| Những tác giả chính: | , , , , , , , , |
|---|---|
| Tác giả khác: | |
| Định dạng: | Sách |
| Ngôn ngữ: | Tiếng Tây Ban Nha |
| Được phát hành: |
Rosario
Homo Sapiens
2005
|
| Phiên bản: | 1a. ed |
| Loạt: | Educación
|
| Những chủ đề: | |
| Các nhãn: |
Thêm thẻ
Không có thẻ, Là người đầu tiên thẻ bản ghi này!
|
MARC
| LEADER | 00000nam a2200000 a 4500 | ||
|---|---|---|---|
| 001 | UCI1406 | ||
| 003 | CL-VaPUC | ||
| 008 | 070629e20050000AG |||||||||||||||||spa|d | ||
| 020 | |a 9508084669 | ||
| 082 | 0 | 4 | |a 370.114 |b BOG |2 21 |
| 100 | 0 | |a Boggino, Norberto |e author |9 521892 | |
| 700 | 0 | |a Actis, Beatriz |e author |9 521893 | |
| 700 | |a Ander-Egg, Ezequiel |e autor |9 563263 | ||
| 700 | |a Avendaño, Fernando Carlos |e author |9 537610 | ||
| 700 | 0 | |a Belgich, Horacio |e author |9 521896 | |
| 700 | 0 | |a Bixio, Cecilia |e author |9 521897 | |
| 700 | 0 | |a Cajiao, Francisco |e author |9 521898 | |
| 700 | 0 | |a Garrido Comer, Priscila |e author |9 521899 | |
| 700 | 0 | |a Sanchez Iniesta, Tomás |e author |9 521900 | |
| 700 | 0 | |a Sanjurio, Liliana |e author |9 521901 | |
| 245 | 1 | 0 | |a Convivir, aprender y enseñar en el aula |
| 250 | |a 1a. ed | ||
| 300 | |a 222 p | ||
| 942 | |c BK | ||
| 945 | |d 20070629 00:00:00 |a jtorresc | ||
| 260 | |a Rosario |b Homo Sapiens |c 2005 | ||
| 650 | 0 | |a Valores morales |9 310604 | |
| 650 | 0 | |a Filosofía de la educación |9 258384 | |
| 650 | 0 | |a Educación moral |9 308319 | |
| 583 | |a last modification |c 20170828 11:28:16 |k Rodrigo Vera | ||
| 490 | 0 | |a Educación | |
| 999 | |c 326229 |d 326227 | ||
| 952 | |0 0 |1 0 |4 0 |6 370_114000000000000_BOG_2005 |7 0 |8 A |9 408001 |a BIBEDU |b BIBEDU |d 2019-11-22 |i 435267K |o 370.114 BOG 2005 |p 435267K |r 2019-11-22 |w 2019-11-22 |y BK |k EDI | ||